Ludzie, którzy zginęli w bitwie - Statystyki

Ogólne statystyki
  • Ten quiz został rozwiązany 6 razy
  • Średni wynik to 9 z 17
Statystyki odpowiedzi
Bitwa lub wojna Rok Wskazówka Odpowiedź % Poprawnych
Wojna trojańska - Postrzelony w piętę przez Parisa Achilles
100%
Wojny osmańsko-węgierskie 1476 Władca Wołoszczyzny znany z nabijania ludzi na pal Wład Palownik
100%
Wojna filistyńsko-izraelska - Olbrzym, który dostał kamieniem w czoło Goliat
80%
Wojna trojańska - Największy żołnierz Troi Hektor
80%
Battle pod Termopilami 480 p. n. e. Król Sparty Leonidas
80%
Trzecia wojna służebna 71 p. n. e. Gladiator, który przewodził powstaniu niewolników przeciwko Rzymowi Spartakus
80%
Bitwa pod Lützen 1632 Szwedzki król zwany „Lwem Północy” Gustaw Adolf
60%
Bitwa pod Trafalgarem 1805 One-armed British admiral Horatio Nelson
60%
Bitwa nad Little Bighorn 1876 Stanął do ostatniej walki z Siuksami George Armstrong Custer
40%
Bitwa pod Lumphanan 1057 Szkocki król, o którym pisał Szekspir Makbet
40%
Nienazwana bitwa z plemieniem stepowym 530 p. n. e. „Wielki” założyciel pierwszego imperium perskiego Cyrus Wielki
20%
Bitwa pod Alamo 1836 „Król Dzikiej Granicy” Davy Crockett
20%
Bitwa pod Hastings 1066 Ostatni anglosaski król Anglii Harold II
20%
Wojny rzymsko-partyjskie 53 p. n. e. Najbogatszy człowiek w Rzymie Krassus
20%
I wojna światowa 1918 Najlepszy as I wojny światowej Manfred von Richthofen
20%
Bitwa pod Bosworth Field 1485 Angielski król, który oddałby swoje królestwo za konia Ryszard III
20%
Wojna domowa w USA 1863 Generał konfederatów postrzelony przez własne wojska przez przypadek podczas powrotu do obozu Stonewall Jackson
20%
Nie znaleziono quizów pasujących do podanych kryteriów
Rozkład punktacji
Procent ludzi z każdym wynikiem
Percentyl według liczby udzielonych odpowiedzi
Twoja historia wyników
Nie rozwiązałeś tego quizu